Štylistika angličtiny seminárne cvičenia

Bibliographic Details
Main Author: Böhmerová, Ada, 1947- (Author)
Format: Book
Language:English
Slovak
PhysicalDescription:95 s. 29 cm
Published: Bratislava Univerzita Komenského 1988
Edition:2. nezm. vyd.
Series:Vysokoškolské skriptá
Subjects:

MARC

LEADER 00000cam a2200000 a 4500
001 vtls001121487
003 SK-MaSNL
005 20260426004136.0
008 250414s1988 xo frnp 00000 eng
015 |a SNBA1988/05 
020 |q (brož.) 
035 |a SNK000064330 
040 |a SNK  |b slo  |c SNK  |e AACR2 
041 0 |a eng  |a slo 
044 |a xo  |c SK 
072 7 |a 37.016  |x Učebné osnovy. Vyučovacie predmety. Učebnice  |2 konspekt 
072 7 |a 811.111  |x Angličtina  |2 konspekt 
072 7 |a 81  |x Lingvistika. Jazyky  |2 konspekt 
080 |a 802.0-56(075.8)(076.5)  |2 1981 
080 |a 811.111  |2 2011 
080 |a 81`38  |2 2011 
080 |a (075.8)  |2 2011 
080 |a (076.5)  |2 2011 
100 1 |a Böhmerová, Ada,  |d 1947-  |4 aut  |9 89589 
245 1 0 |a Štylistika angličtiny  |b seminárne cvičenia  |c Adela Boehmerová 
250 |a 2. nezm. vyd. 
260 |a Bratislava  |b Univerzita Komenského  |c 1988 
300 |a 95 s.  |c 29 cm 
366 |e 80 výtl. 
490 1 |a Vysokoškolské skriptá 
500 |a Vydala Filozofická fakulta Univerzity Komenského 
504 |a Bibliografia na strane 94-95 
546 |a Súbežný text v slovenčine 
650 0 7 |a angličtina  |2 SNKPH  |9 1260 
650 0 7 |a štylistika  |2 SNKPH  |9 870 
655 7 |a učebnice vysokých škôl  |2 SNKPH  |9 70191 
655 7 |a praktické cvičenia  |2 SNKPH  |9 70517 
710 2 |a Univerzita Komenského v Bratislave.  |b Filozofická fakulta  |4 pbl 
810 2 |a Univerzita Komenského v Bratislave.  |b Filozofická fakulta  |t Vysokoškolské skriptá  |9 276873 
852 |a Slovenská národná knižnica 
954 |a odborná, vedecká literatúra pôvodná (slovenská)  |2 lita 
958 |a RK 
958 |a NB 
958 |a UV 
958 |a OND 
958 |a TL 
999 |c 965652  |d 967582 
952 |a SNK  |b SNK  |y PREZ  |7 0  |p 17A0833482  |o snkSB 43454   |0 0  |1 0  |4 0  |d 2012-07-11  |f 1  |l 0  |r 2025-05-09 00:00:00  |w 2026-02-24 
952 |t P60, <04>, [BOOK], {604}  |a SNK  |b SNK  |y VYP  |7 0  |p 17A0074647  |o snkSB 43454 D1  |0 0  |1 0  |4 0  |d 1997-06-25  |l 0  |r 2004-12-31 00:00:00  |w 2026-02-24